Temas, remas, focos, tópicos y comentarios

Guardat en:
Dades bibliogràfiques
Autor principal: Gutiérrez Ordóñez, Salvador (Autor)
Format: Llibre
Idioma:espanyol
Publicat: Madrid Arco Libros 2000
Edició:2a. ed
Col·lecció:Cuadernos de Lengua Española, 46
Matèries:
Etiquetes: Afegir etiqueta
Sense etiquetes, Sigues el primer a etiquetar aquest registre!

MARC

LEADER 00000nam a2200000 a 4500
001 UCM6662
003 CL-VaPUC
008 021122e20000000SP |||||||||||||||||spa|d
082 0 4 |a 460.143  |b GUT  |2 21 
100 |a Gutiérrez Ordóñez, Salvador  |e author  |9 540322 
245 1 0 |a Temas, remas, focos, tópicos y comentarios 
250 |a 2a. ed 
300 |a 95 p 
942 |c BK 
945 |d 20021122 00:00:00  |a vberengu 
260 |a Madrid  |b Arco Libros  |c 2000 
650 7 |a ESPAÑOL - SEMANTICA  |2 CL-VaPUC  |9 461985 
650 7 |a ESPAÑOL - GRAMATICA FUNCIONAL  |2 CL-VaPUC  |9 461986 
650 7 |a ESPAÑOL - PRAGMATICA  |2 CL-VaPUC  |9 461987 
583 |a last modification  |c 20021122 00:00:00  |k Rodrigo Vera 
490 0 |a Cuadernos de Lengua Española, 46 
999 |c 301898  |d 301896 
952 |0 0  |1 0  |4 0  |6 460_143000000000000_GUT_2000  |7 0  |8 A  |9 361657  |a FDOPOS  |b FDOPOS  |d 2019-11-21  |i 3859517  |o 460.143 GUT 2000  |p 3859517  |r 2025-01-22  |w 2019-11-21  |y BK  |k MLA 
952 |0 0  |1 0  |4 0  |6 460_143000000000000_GUT_2000  |7 0  |8 A  |9 361658  |a FDOPOS  |b FDOPOS  |d 2019-11-21  |i 3920488  |o 460.143 GUT 2000  |p 3920488  |r 2025-01-22  |w 2019-11-21  |y BK  |k MLA